| 000 | 01019cam a2200289 i 4500 | ||
|---|---|---|---|
| 001 | 26491 | ||
| 003 | Mx-PuUPA | ||
| 005 | 20240805095707.0 | ||
| 008 | 140415s1987 ck a gr 000 0 spa d | ||
| 020 | _a9589093019 | ||
| 040 |
_cMx-PuUPA _aMx-PuUPA _bspa _dMx-PuUPA _erda |
||
| 041 | 0 | _aspa | |
| 245 | 0 | 0 |
_aPolíticas de ajuste y grupos más vulnerables en América Latina : _bhacia un enfoque alternativo / _ccompilador, Eduardo S. Bustelo |
| 250 | _aPrimera edición | ||
| 264 | 1 |
_aBogotá : _bFondo de Cultura Económica, _c1987 |
|
| 300 |
_a278 páginas : _bilustraciones, tablas ; _c21 cm |
||
| 336 |
_2rdacontent _atexto _btxt |
||
| 337 |
_2rdamedia _asin medio _bn |
||
| 338 |
_2rdacarrier _avolumen _bnc |
||
| 490 | 0 | _aEconomía | |
| 651 | 4 |
_aAmérica Latina _xPolítica económica |
|
| 700 | 1 |
_aBustelo, Eduardo S., _ecompilador _916019 |
|
| 942 |
_2ddc _cLI _h338.98 _iP762 |
||
| 999 |
_c26491 _d26491 |
||